00551 2200181 4500001002100000005001500021035002000036007000300056008004100059020001700100082000600117084001200123100001500135245012500150260004900275300003200324990001300356INLIS00000000000005520220517120305 a0010-0522000055ta220517 0  a978979229102 aF aF RIS g0 aRisma Inoy1 aGBS tak Menghalangi Langkahku :bKisah Nyata Ogest, Mantan Penyanyi Cilik Pengidap Guillain Barre Syndrome /cRisma Inoy ajakarta :bPT. gramedia pustaka utama,c2012 axxviii + 212 hlm. ;c20 cm. a00630063